[Event "Continental 2009 - Desempates 3-8"]
[Site "Sao Paulo BRA"]
[Date "2009.08.02"]
[Round "4.1"]
[White "Flores, Diego"]
[Black "Friedel, Joshua E"]
[Result "1-0"]
[WhiteElo "2587"]
[BlackElo "2547"]
[PlyCount "61"]
[EventDate "2009.08.02"]
[EventType "tourn"]
[EventRounds "1"]
[EventCountry "BRA"]
[Source "lmi"]
[SourceDate "2009.07.25"]

1. c4 e5 2. Nc3 Nf6 3. Nf3 Nc6 4. e3 Bb4 5. Nd5 e4 6. Ng1 O-O 7. Qc2 Re8 8. a3
Bf8 9. Ne2 b5 10. Ng3 bxc4 11. Bxc4 Bb7 12. O-O Ne5 13. Nxc7 Nfg4 14. Nxe8 Qh4
15. h3 Nf3+ 16. gxf3 exf3 17. Qf5 Nh6 18. Qh5 Qxc4 19. Nf6+ gxf6 20. d4 Bd6 21.
e4 Bxg3 22. Bxh6 Kh8 23. fxg3 Qxd4+ 24. Rf2 Bxe4 25. Re1 Rg8 26. Qh4 d5 27. Be3
Qe5 28. Kh2 Rc8 29. Qf4 a5 30. Rd1 Rc4 31. Rc1 1-0

[Event "Continental 2009 - Desempates 3-8"]
[Site "Sao Paulo BRA"]
[Date "2009.08.02"]
[Round "4.2"]
[White "Milos, Gilberto"]
[Black "Ivanov, Alexander"]
[Result "1-0"]
[WhiteElo "2589"]
[BlackElo "2527"]
[PlyCount "99"]
[EventDate "2009.08.02"]
[EventType "tourn"]
[EventRounds "1"]
[EventCountry "BRA"]
[Source "lmi"]
[SourceDate "2009.07.25"]

1. d4 Nf6 2. c4 e6 3. Nf3 b6 4. g3 Bb7 5. Bg2 Be7 6. O-O O-O 7. Nc3 Ne4 8. Bd2
d5 9. cxd5 exd5 10. Qc2 Nd7 11. Rfd1 Nxc3 12. Bxc3 c5 13. b3 Re8 14. Rac1 Rc8
15. Qb1 Bf6 16. e3 Qe7 17. Qb2 g6 18. Ne1 cxd4 19. Bxd4 Bxd4 20. Qxd4 Nf6 21.
Nd3 Rxc1 22. Rxc1 Rc8 23. Rxc8+ Bxc8 24. Nf4 Bb7 25. Nxd5 Nxd5 26. Bxd5 Bxd5
27. Qxd5 h5 28. Kg2 Qa3 29. Qd2 Qe7 30. f3 h4 31. g4 g5 32. Qd4 f6 33. Kf2 Kg7
34. f4 Qc7 35. Kf3 Qc6+ 36. Qe4 Qd7 37. Qc2 Qd5+ 38. e4 Qd6 39. fxg5 fxg5 40.
Qc3+ Kg6 41. Kg2 Kf7 42. h3 b5 43. b4 Ke6 44. a3 Qd7 45. Kf2 Qd6 46. Qc8+ Ke7
47. Qc5 Qxc5+ 48. bxc5 a5 49. Ke3 Kd7 50. e5 1-0

[Event "Continental 2009 - Desempates 3-8"]
[Site "Sao Paulo BRA"]
[Date "2009.08.02"]
[Round "4.3"]
[White "Rios, Mauricio Flores"]
[Black "Granda Zuniga, Julio E"]
[Result "1/2-1/2"]
[WhiteElo "2482"]
[BlackElo "2647"]
[PlyCount "87"]
[EventDate "2009.08.02"]
[EventType "tourn"]
[EventRounds "1"]
[EventCountry "BRA"]
[Source "lmi"]
[SourceDate "2009.07.25"]

1. e4 c6 2. d4 d5 3. f3 e6 4. Nc3 Bb4 5. Bf4 Nf6 6. Qd3 b6 7. Nge2 Nh5 8. Be3
Ba6 9. Qd2 Nf6 10. a3 Bxe2 11. axb4 Bxf1 12. Rxf1 Nbd7 13. b5 Qc7 14. e5 Ng8
15. bxc6 Qxc6 16. Qd3 Ne7 17. Nb5 Nc8 18. Ra6 O-O 19. Kd2 Nb8 20. Ra3 Qd7 21.
f4 Ne7 22. g4 Nbc6 23. Nd6 f5 24. h3 Nc8 25. Nb5 a6 26. Nc3 N8e7 27. Ne2 a5 28.
Nc3 Nb4 29. Qe2 Rac8 30. Rc1 fxg4 31. hxg4 Ng6 32. Rf1 Rc4 33. Rf2 Qc8 34. Qf1
Nc6 35. Ne2 Nce7 36. Qb1 Qd7 37. Ng3 Rfc8 38. Kd1 Qb5 39. f5 Nxe5 40. dxe5 Rxg4
41. Bf4 Nxf5 42. Rd3 Rc4 43. Ne2 Re4 44. Qc1 1/2-1/2

[Event "Continental 2009 - Desempates 3-8"]
[Site "Sao Paulo BRA"]
[Date "2009.08.02"]
[Round "5.1"]
[White "Friedel, Joshua E"]
[Black "Milos, Gilberto"]
[Result "0-1"]
[WhiteElo "2547"]
[BlackElo "2589"]
[PlyCount "64"]
[EventDate "2009.08.02"]
[EventType "tourn"]
[EventRounds "1"]
[EventCountry "BRA"]
[Source "lmi"]
[SourceDate "2009.07.25"]

1. e4 c6 2. d4 d5 3. exd5 cxd5 4. c4 Nf6 5. Nc3 e6 6. Nf3 Bb4 7. cxd5 Nxd5 8.
Qc2 Nc6 9. Be2 Nce7 10. O-O Bd7 11. a3 Bd6 12. Ne4 Bc6 13. Bd3 Rc8 14. Bg5 h6
15. Bh4 O-O 16. Qd2 Bf4 17. Qe2 Bb8 18. g3 Qb6 19. Rad1 Nf5 20. Nc5 Nxh4 21.
Nxh4 Rfe8 22. b4 Nc3 23. Qe3 Nxd1 24. Rxd1 Qd8 25. b5 Bd5 26. Bb1 b6 27. Qd3 f5
28. Nxf5 exf5 29. Qxf5 bxc5 30. Qh7+ Kf8 31. Qh8+ Bg8 32. Bh7 Qd5 0-1

[Event "Continental 2009 - Desempates 3-8"]
[Site "Sao Paulo BRA"]
[Date "2009.08.02"]
[Round "5.3"]
[White "Ivanov, Alexander"]
[Black "Rios, Mauricio Flores"]
[Result "1-0"]
[WhiteElo "2527"]
[BlackElo "2482"]
[PlyCount "119"]
[EventDate "2009.08.02"]
[EventType "tourn"]
[EventRounds "1"]
[EventCountry "BRA"]
[Source "lmi"]
[SourceDate "2009.07.25"]

1. e4 c5 2. Nf3 e6 3. g3 Nc6 4. Bg2 a6 5. O-O d6 6. c3 Nf6 7. Re1 Be7 8. d4
cxd4 9. cxd4 d5 10. e5 Nd7 11. Nc3 b5 12. h4 h6 13. a4 b4 14. Ne2 Nb6 15. b3
Bd7 16. Be3 Qc7 17. Nc1 Na5 18. Nd3 O-O 19. Rc1 Qb8 20. Bd2 Nxb3 21. Qxb3 Bxa4
22. Qb1 a5 23. Nc5 Bb5 24. g4 Nc4 25. Bf4 Qa7 26. g5 Bxc5 27. dxc5 h5 28. Be3
g6 29. Nd4 Be8 30. Qb3 Nxe3 31. Rxe3 Rc8 32. Qc2 a4 33. Rd3 Bc6 34. Qb2 Qa5 35.
Qd2 Rc7 36. Nc2 Bb5 37. Rd4 Rxc5 38. Ra1 Rb8 39. Qxb4 Qa7 40. Na3 Bc4 41. Qd2
Bb3 42. Rb4 Rxb4 43. Qxb4 Qc7 44. Re1 Kg7 45. Bf1 Rc1 46. Rxc1 Qxc1 47. Kg2 Qa1
48. Qd6 Qd4 49. Be2 Qxh4 50. Qe7 Qe4+ 51. Bf3 Qxe5 52. Nb5 Qb8 53. Nc7 d4 54.
Bc6 Qf8 55. Qf6+ Kg8 56. Qe5 a3 57. Ne8 Qe7 58. Nf6+ Kf8 59. Qb5 Qd6 60. Qb7
1-0